La constitución europea y las relaciones laborales
שמור ב:
| מחבר ראשי: | |
|---|---|
| פורמט: | ספר |
| שפה: | ספרדית |
| יצא לאור: |
Sevilla
Mergablum
2004
|
| סדרה: | Monografías de Temas Laborales, 18
|
| נושאים: | |
| תגים: |
הוספת תג
אין תגיות, היה/י הראשונ/ה לתייג את הרשומה!
|
MARC
| LEADER | 00000nam a2200000 a 4500 | ||
|---|---|---|---|
| 001 | UCK3862 | ||
| 003 | CL-VaPUC | ||
| 005 | 20210728001821.0 | ||
| 008 | 050513e20040000sp 1 spa d | ||
| 020 | |a 8496378012 | ||
| 082 | 0 | 4 | |a 344.401 |b QUE |2 21 |
| 100 | 1 | |a Quesada Segura, Rosa |e author |9 620708 | |
| 245 | 1 | 3 | |a La constitución europea y las relaciones laborales |
| 260 | |a Sevilla |b Mergablum |c 2004 | ||
| 300 | |a 553 p | ||
| 490 | 0 | |a Monografías de Temas Laborales, 18 | |
| 583 | |a last modification |c 20050513 00:00:00 |k Rodrigo Vera | ||
| 650 | 0 | 7 | |a DERECHO LABORAL |2 CL-VaPUC |9 15 |
| 650 | 0 | 0 | |a Relaciones laborales |9 335971 |
| 650 | 0 | 0 | |a Derecho europeo |9 391498 |
| 650 | 0 | 0 | |a Derecho constitucional |9 222588 |
| 650 | 0 | 0 | |a Ordenamiento jurídico |9 355371 |
| 651 | 0 | |a Europa |9 255156 | |
| 942 | |c BK | ||
| 945 | |a cmena |d 20050513 00:00:00 | ||
| 546 | |a En Español | ||
| 536 | |a Consejo Andaluz de Relaciones Laborales | ||
| 536 | |a Universidad de Málaga | ||
| 518 | |p Jornadas Universitarias Andaluzas de Derecho del Trabajo y Relaciones Laborales, 22, Andalucía, 2004 | ||
| 999 | |c 384122 |d 384120 | ||
| 952 | |0 0 |1 0 |4 0 |6 344_401000000000000_QUE_2004 |7 0 |8 A |9 506596 |a BIBDER |b BIBDER |d 2020-01-23 |i 4124138 |o 344.401 QUE 2004 |p 4124138 |r 2023-01-25 |w 2020-01-23 |y BK |k DER | ||